Rywale reprezentacji Polski 1925 - Statystyki

Ogólne statystyki
  • Ten quiz został rozwiązany 7 razy
  • Średni wynik to 5 z 6
Statystyki odpowiedzi
RM WM ZM PM BZ BS RB Reprezentacja % Poprawnych
1 0 0 1 1 2 -1 Czechosłowacja
100%
1 0 1 0 2 2 0 Finlandia
100%
1 0 0 1 2 6 -4 Szwecja
100%
1 0 0 1 0 2 -2 Węgry
100%
1 1 0 0 2 1 1 Turcja
71%
1 0 1 0 0 0 0 Estonia
43%
Nie znaleziono quizów pasujących do podanych kryteriów
Rozkład punktacji
Procent ludzi z każdym wynikiem
Percentyl według liczby udzielonych odpowiedzi
Twoja historia wyników
Nie rozwiązałeś tego quizu